[Event "45th Olympiad 2024"]
[Site "Budapest HUN"]
[Date "2024.09.21"]
[Round "10.4"]
[Board "1"]
[White "Volokitin, Andrei"]
[Black "Martirosyan, Haik M."]
[Result "1/2-1/2"]
[WhiteElo "2660"]
[BlackElo "2667"]
[PlyCount "79"]
[EventDate "2024.09.11"]
[WhiteTeam "Ukraine"]
[BlackTeam "Armenia"]
[WhiteTeamCountry "UKR"]
[BlackTeamCountry "ARM"]

1. e4 e5 2. Nf3 Nc6 3. Bc4 Bc5 4. O-O Nf6 5. d3 O-O 6. Re1 Ng4 7. Rf1 ({RR} 7. Re2 Kh8 8. h3 f5 9. Bg5 Nf6 10. Nc3 d6 11. Nd5 fxe4 12. dxe4 Be6 13. Nxf6 gxf6 14. Bxe6 fxg5 15. c3 Qf6 16. Bg4 Ne7 17. Qd2 Rg8 18. b4 Bb6 19. a4 a5 20. Qa2 Qg6 21. Qe6 Qg7 {0-1 Carlsen,M (2847)-Nakamura,H (2736) FTX Crypto Cup KO rapid 2021 (1.21)}) ({RR} 7. Re2 Kh8 8. h3 f5 9. Nc3 d6 10. exf5 Nf6 11. Ne4 Bxf5 12. Nxc5 dxc5 13. Nxe5 Nxe5 14. Rxe5 Nd7 15. Re1 Qf6 16. Be3 b6 17. d4 cxd4 18. Qxd4 Qg6 19. Kh1 Rad8 20. c3 Nc5 21. Qh4 Nd3 {1-0 Van Baar,E (2208)-Slade,T (2086) Titled Tue 6th Feb Late 2024 (8)}) ({RR} 7. Re2 Kh8 8. h3 f5 9. Bg5 Nf6 10. exf5 Nd4 11. Nxd4 exd4 12. Bd5 c6 13. Bf3 d5 14. g4 g6 15. fxg6 Rg8 16. Bxf6+ Qxf6 17. gxh7 Kxh7 18. Nd2 Bd6 19. Bg2 Bd7 20. Nf1 Raf8 21. Ng3 Qh4 {½-½ Kadric,D (2584)-Martirosyan,H (2708) 24th European Teams 2023 (1.2)}) 7... Nf6 8. h3 $146 d5 9. exd5 Nxd5 10. Nbd2 Be6 11. Ne4 Be7 12. Nfg5 Bf5 13. c3 Na5 14. Qf3 Nxc4 15. dxc4 Bxg5 16. Bxg5 Bxe4 17. Qxe4 Nxc3 18. Qe3 Ne2+ 19. Kh1 f6 20. Qxe2 fxg5 21. Qxe5 c6 22. Rad1 Qf6 23. Qxf6 Rxf6 24. Rfe1 Kf8 25. Rd7 Rf7 26. Red1 Re7 27. Kh2 Ke8 28. R7d2 Kf7 29. Kg3 Rc8 30. Rd7 Rc7 31. Rxc7 Rxc7 32. Kg4 h6 33. Rd8 Re7 34. Kf3 Kg6 35. Ra8 a6 36. Rd8 Rf7+ 37. Ke3 Re7+ 38. Kf3 Rf7+ 39. Ke3 Re7+ 40. Kf3 1/2-1/2

[Event "45th Olympiad 2024"]
[Site "Budapest HUN"]
[Date "2024.09.21"]
[Round "10.4"]
[Board "2"]
[White "Sargsyan, Shant"]
[Black "Ponomariov, Ruslan"]
[Result "1/2-1/2"]
[WhiteElo "2649"]
[BlackElo "2654"]
[PlyCount "71"]
[EventDate "2024.09.11"]
[WhiteTeam "Armenia"]
[BlackTeam "Ukraine"]
[WhiteTeamCountry "ARM"]
[BlackTeamCountry "UKR"]

1. e4 c6 2. Nf3 d5 3. Nc3 Bg4 4. h3 Bxf3 5. Qxf3 e6 6. Be2 Nf6 7. O-O Nbd7 8. d4 dxe4 9. Nxe4 Nxe4 10. Qxe4 Nf6 11. Qd3 Bd6 12. Bf3 O-O 13. g3 ({RR} 13. Rd1 Qc7 14. Bg5 Nd5 15. Qe4 Be7 16. Bd2 Nf6 17. Qe2 Rad8 18. c3 c5 19. dxc5 Bxc5 20. Bg5 Be7 21. Qb5 b6 22. a4 h6 23. Be3 Rxd1+ 24. Rxd1 Rd8 25. Rxd8+ Qxd8 26. a5 bxa5 27. Bxa7 Qd2 {1-0 Tarasenka,A (1892)-Kubicka,A (2334) Swiss Queens Wed #23 2024 (11.22)}) 13... Qc7 14. Kg2 Rad8 15. Qb3 Rd7 $146 ({RR} 15... Qb6 16. c3 Qxb3 17. axb3 a6 18. Rd1 Rd7 {½-½ Antoniewski,R (2585)-Michalik,P (2511) SVK-chT 1112 2011 (6.1)}) 16. Re1 Rfd8 17. c3 g6 18. h4 h5 19. Re2 Kg7 20. c4 Be7 21. Bf4 Qb6 22. Qxb6 axb6 23. Be3 Ng4 24. Bxg4 hxg4 25. d5 cxd5 26. Bxb6 Rc8 27. cxd5 Rxd5 28. Re4 Rc2 29. Rxg4 Bf6 30. Rb1 Rb5 31. Be3 Rcxb2 32. Rxb2 Rxb2 33. a4 b5 34. axb5 Rxb5 35. Bd4 Bxd4 36. Rxd4 1/2-1/2

[Event "45th Olympiad 2024"]
[Site "Budapest HUN"]
[Date "2024.09.21"]
[Round "10.4"]
[Board "3"]
[White "Korobov, Anton"]
[Black "Sargissian, Gabriel"]
[Result "1-0"]
[WhiteElo "2650"]
[BlackElo "2646"]
[PlyCount "67"]
[EventDate "2024.09.11"]
[WhiteTeam "Ukraine"]
[BlackTeam "Armenia"]
[WhiteTeamCountry "UKR"]
[BlackTeamCountry "ARM"]

1. d4 d5 2. c4 e6 3. Nc3 Nf6 4. Bg5 Be7 5. Nf3 h6 6. Bh4 O-O 7. e3 b6 8. Be2 Bb7 9. Bxf6 Bxf6 10. cxd5 exd5 11. O-O Qe7 12. Qb3 Rd8 13. Rad1 c6 14. Rfe1 Nd7 15. Bd3 Nf8 16. e4 dxe4 17. Nxe4 Ne6 18. Bc4 Re8 19. Ne5 Rad8 20. Nxf7 Kxf7 $146 ({RR} 20... Qxf7 21. Nxf6+ Qxf6 22. Rxe6 Rxe6 23. Bxe6+ Kh8 24. h3 Rxd4 25. Rxd4 Qxd4 26. Qg3 Qd8 27. Bf5 c5 28. Qg6 Qg8 29. Qd6 Bd5 30. a3 Qa8 31. f3 Bg8 32. Kf2 Qd5 33. Qxd5 Bxd5 34. Bg6 Kg8 35. Kg3 {½-½ Nikolic,P (2605)-Vaganian,R (2600) Hoogovens Wijk aan Zee 1989 (3)}) 21. Nc5 bxc5 22. Rxe6 Qxe6 23. Qxb7+ Kf8 24. Bxe6 Rxe6 25. Qxa7 Bxd4 26. Kf1 Kg8 27. Qa6 Kh8 28. Qc4 Rde8 29. b3 Re4 30. Qc2 R4e7 31. h4 Rf8 32. Rd2 Re3 33. Qg6 Rc3 34. Rc2 1-0

[Event "45th Olympiad 2024"]
[Site "Budapest HUN"]
[Date "2024.09.21"]
[Round "10.4"]
[Board "4"]
[White "Hovhannisyan, Robert"]
[Black "Onyshchuk, Volodymyr"]
[Result "1-0"]
[WhiteElo "2619"]
[BlackElo "2610"]
[PlyCount "97"]
[EventDate "2024.09.11"]
[WhiteTeam "Armenia"]
[BlackTeam "Ukraine"]
[WhiteTeamCountry "ARM"]
[BlackTeamCountry "UKR"]

1. e4 e5 2. Nf3 Nc6 3. Bb5 Nf6 4. O-O Nxe4 5. d4 Nd6 6. Bxc6 dxc6 7. dxe5 Nf5 8. Qxd8+ Kxd8 9. Rd1+ Ke8 10. Nc3 Be7 11. h3 h5 12. Ne2 Bd7 ({RR} 12... Nh4 13. Nxh4 Bxh4 14. Be3 Be7 15. Rd2 h4 16. Rad1 Rh5 17. f4 f6 18. exf6 gxf6 19. Nd4 Kf7 20. c4 Bc5 21. b3 Be6 22. Bf2 Bxd4 23. Rxd4 a5 24. Rd8 Rxd8 25. Rxd8 b6 26. Kf1 a4 27. Ke2 {½-½ Li,C (2690)-Wei,Y (2725) CHN-chT China 2019 (21.3)}) ({RR} 12... Be6 13. Bg5 Rd8 14. Bxe7 Kxe7 15. Nf4 Rxd1+ 16. Rxd1 h4 17. b3 a5 18. Nd4 Nxd4 19. Rxd4 b6 20. Kf1 Bf5 21. Rd2 a4 22. Ne2 c5 23. Nc3 axb3 24. cxb3 Be6 25. f4 c4 26. bxc4 Bxc4+ 27. Kf2 {0-1 Estrada Nieto,J (2218)-Carrasco Miranda,A (2174) Titled Tue 27th Aug Late 2024 (6)}) 13. Bg5 Rd8 $146 ({RR} 13... f6 14. Bf4 Rc8 15. Rd2 Be6 16. exf6 gxf6 17. Ned4 Nxd4 18. Nxd4 Bd5 19. Nf5 Kf7 20. Re1 Rhe8 21. Rde2 Bf8 22. b3 Rxe2 23. Rxe2 b5 24. Bd2 Re8 25. Rxe8 Kxe8 26. f3 Kd7 27. Kf2 Be6 28. g4 {1-0 Lewtak,D (2333)-Lewtak,D (2095) POL-chT 2nd League 2016 (2.20)}) 14. Nf4 h4 15. Rd2 Bc8 16. Rxd8+ Kxd8 17. Rd1+ Ke8 18. e6 f6 19. Ng6 Rh5 20. Bxh4 Rh6 21. Nxe7 Kxe7 22. Bg3 Nxg3 23. fxg3 Bxe6 24. Nd4 Bd7 25. g4 Rh8 26. Nf5+ Bxf5 27. gxf5 Rh4 28. Rd3 Rf4 29. g4 c5 30. Kg2 a5 31. Kg3 Rf1 32. Kh4 c4 33. Rd4 b5 34. a4 Rf2 35. axb5 Rxc2 36. Kh5 Rh2 37. Kg6 Kf8 38. Rd7 Rxh3 39. Rf7+ Ke8 40. Rxc7 Rb3 41. Kxg7 Rxb2 42. Kxf6 Rxb5 43. Rxc4 Rb4 44. Rxb4 axb4 45. Kg7 b3 46. f6 b2 47. f7+ Kd7 48. f8=Q b1=Q 49. Qf5+ 1-0

[Event "45th Olympiad 2024"]
[Site "Budapest HUN"]
[Date "2024.09.21"]
[Round "10.5"]
[Board "1"]
[White "Fedoseev, Vladimir3"]
[Black "Giri, Anish"]
[Result "1/2-1/2"]
[WhiteElo "2692"]
[BlackElo "2724"]
[PlyCount "63"]
[EventDate "2024.09.11"]
[WhiteTeam "Slovenia"]
[BlackTeam "Netherlands"]
[WhiteTeamCountry "SLO"]
[BlackTeamCountry "NED"]

1. d4 d5 2. c4 dxc4 3. e3 Nf6 4. Bxc4 e6 5. Nf3 Be7 6. Qc2 ({RR} 6. Qe2 c5 7. dxc5 Bxc5 8. O-O O-O 9. e4 Nc6 10. e5 Nd5 11. Qe4 Be7 12. Nbd2 b6 13. Bd3 g6 14. Nc4 Bb7 15. Bh6 Re8 16. a3 b5 17. Ncd2 a6 18. Nb3 Nb6 19. Qe3 Nd5 20. Qe2 Na5 {1-0 Cramling,P (2525)-Westerinen,H (2335) Stockholm Seniors op 2013 (5)}) 6... c5 $146 ({RR} 6... Nbd7 7. O-O O-O 8. b3 a6 9. Bb2 b5 10. Bd3 Bb7 11. Nbd2 c5 12. Rac1 Rc8 13. Qb1 h6 14. Rfd1 Qb6 15. dxc5 Bxc5 16. Bd4 Rfd8 17. Ne4 Bxd4 18. Nxd4 Nxe4 19. Bxe4 Bxe4 20. Qxe4 Nf6 21. Qf3 {½-½ Ulfljotsson,J (1723)-Heidarsson,A (1498) Reykjavik TR U2000 op 2017 (6)}) 7. dxc5 Qa5+ 8. Nbd2 O-O 9. O-O Qxc5 10. Nb3 Qc7 11. Bd2 Bd7 12. Rac1 Nc6 13. Bd3 Rac8 14. Qb1 Qb8 15. Nc5 Rfd8 16. Nxd7 Rxd7 17. Bc3 h6 18. Rfd1 Rcd8 19. a3 Nd5 20. Be1 Ne5 21. Be2 Nxf3+ 22. Bxf3 Nf6 23. Rxd7 Nxd7 24. Qc2 Bd6 25. g3 b6 26. b4 Ne5 27. Be4 b5 28. Bg2 Be7 29. Be4 Nc4 30. a4 Nd6 31. Bc6 Rc8 32. Qd1 1/2-1/2

[Event "45th Olympiad 2024"]
[Site "Budapest HUN"]
[Date "2024.09.21"]
[Round "10.5"]
[Board "2"]
[White "Van Foreest, Jorden"]
[Black "Demchenko, Anton"]
[Result "1/2-1/2"]
[WhiteElo "2696"]
[BlackElo "2597"]
[PlyCount "60"]
[EventDate "2024.09.11"]
[WhiteTeam "Netherlands"]
[BlackTeam "Slovenia"]
[WhiteTeamCountry "NED"]
[BlackTeamCountry "SLO"]

1. e4 e5 2. Nc3 Bc5 3. f4 d6 4. Nf3 Nf6 5. Bc4 O-O 6. d3 c6 7. fxe5 dxe5 8. Qe2 ({RR} 8. Bg5 Be6 9. Bb3 Nbd7 10. Qd2 a5 11. Be3 Bxe3 12. Qxe3 Ng4 13. Qd2 Bxb3 14. axb3 Qb6 15. h3 Qe3+ 16. Qe2 Qxe2+ {½-½ Hellers,F (2560)-Sokolov,I (2525) Biel 1989}) ({RR} 8. Bg5 Nbd7 9. Qd2 a5 10. a4 Bb4 11. O-O b5 12. Ba2 Be7 13. axb5 cxb5 14. Kh1 Qb6 15. Nd5 Qd6 16. Nxe7+ Qxe7 17. Nh4 Bb7 18. Rf3 Qc5 19. Nf5 Bxe4 20. Be3 Qc7 21. dxe4 Nxe4 22. Qe2 Ndf6 {1-0 Bollen,G (2182)-Auwens,M (1849) 13th WLC Weekender 2023 (1.12)}) 8... b5 9. Bb3 Bg4 10. a4 Qb6 $146 ({RR} 10... b4 11. Nd1 Na6 12. Ne3 Qe7 13. Nc4 Bd4 14. h3 Bxf3 15. Qxf3 Nc5 16. Be3 Nxb3 17. cxb3 Qc5 18. Bh6 Bxb2 19. Rf1 Ne8 20. Ra2 Bc3+ 21. Bd2 Bxd2+ 22. Rxd2 Qd4 23. Qg3 f6 24. Rdf2 Nd6 25. Nd2 {0-1 Franco,A (1897)-Buriani,A (2081) Vignola op 11th 2012 (5)}) 11. h3 Be6 12. Bxe6 fxe6 13. a5 Qc7 14. Be3 Bxe3 15. Qxe3 a6 16. Qb6 Qd6 17. O-O Nbd7 18. Qe3 c5 19. Ne2 h6 20. Nd2 Rf7 21. c4 b4 22. Nc1 Raf8 23. Ncb3 Kh7 24. Rf3 Ng8 25. Raf1 Rxf3 26. Rxf3 Rxf3 27. Qxf3 Ngf6 28. Qe3 Ng8 29. Qf3 Ngf6 30. Qe3 Ng8 1/2-1/2

[Event "45th Olympiad 2024"]
[Site "Budapest HUN"]
[Date "2024.09.21"]
[Round "10.5"]
[Board "3"]
[White "Subelj, Jan"]
[Black "L'Ami, Erwin"]
[Result "1/2-1/2"]
[WhiteElo "2498"]
[BlackElo "2628"]
[PlyCount "113"]
[EventDate "2024.09.11"]
[WhiteTeam "Slovenia"]
[BlackTeam "Netherlands"]
[WhiteTeamCountry "SLO"]
[BlackTeamCountry "NED"]

1. e4 e5 2. Nf3 Nc6 3. Bb5 a6 4. Ba4 Nf6 5. Nc3 b5 6. Bb3 Bc5 7. Nd5 d6 8. O-O h6 9. c3 O-O 10. d4 Ba7 11. Nxf6+ Qxf6 12. Bd5 Bd7 ({RR} 12... Bb7 13. a4 Bb6 14. Be3 Rab8 15. axb5 axb5 16. dxe5 Nxe5 17. Bxb6 cxb6 18. Bxb7 Rxb7 19. Nd4 b4 20. cxb4 Rc8 21. Nf5 Rd7 22. Ne3 Qd8 23. Nd5 Nc6 24. Qg4 Kf8 25. Nxb6 {1-0 Shevchenko,K (2670)-De Schampheleire,G (2373) GRENKE Chess Open 2024 (3.6)}) 13. Be3 $146 ({RR} 13. a4 b4 14. Be3 bxc3 15. bxc3 Rad8 16. Bxc6 Bxc6 17. d5 Bxe3 18. dxc6 Bc5 19. Qd5 Qe6 20. Rab1 Qxd5 21. exd5 f5 22. Rb7 Rf7 23. Nd2 e4 24. Nb3 g5 25. Rb1 Kg7 26. Nxc5 dxc5 27. c4 f4 {1-0 Bortnyk,O (2605)-Yoo,C (2589) Airthings Masters Div 3 W 2023 (1.1)}) ({RR} 13. a4 exd4 14. axb5 axb5 15. cxd4 Bb6 16. Rxa8 Rxa8 17. Be3 Re8 18. Qd2 Ne7 19. Bb3 Ng6 20. Bc2 Bc6 21. Qb4 Nf4 22. d5 Bd7 23. Bxb6 cxb6 24. Ne1 Qg5 25. Kh1 Qh5 26. Qxd6 Qe2 27. Kg1 Nh3+ {1-0 Sychev,K (2542)-Iljin,T (2285) Titled Tue 28th Nov Early 2023 (1)}) 13... Rad8 14. Bxc6 Bxc6 15. d5 Bxe3 16. dxc6 Bb6 17. Qd5 Rde8 18. Rfd1 Kh7 19. a4 Qf4 20. axb5 axb5 21. Re1 b4 22. cxb4 f5 23. Ra3 fxe4 24. g3 Qf7 25. Qxe4+ Kg8 26. Rd1 Re6 27. Kg2 Rf6 28. h4 g6 29. Rd5 Qe6 30. Rd2 Kg7 31. Re2 h5 32. Rd3 Qg4 33. Qxg4 hxg4 34. Nd2 Rxf2+ 35. Rxf2 Rxf2+ 36. Kh1 Kf7 37. Nc4 e4 38. Rc3 d5 39. Nxb6 Ke6 40. Na4 d4 41. Rc1 d3 42. Kg1 d2 43. Rd1 e3 44. Nc3 Ke5 45. b5 Rf8 46. b6 cxb6 47. c7 Kd4 48. Rf1 Re8 49. Rf7 Kd3 50. Rd7+ Kc2 51. Re7 Rf8 52. Rxe3 b5 53. Re2 Kc1 54. Na2+ Kc2 55. Nc3 Kc1 56. Na2+ Kc2 57. Nc3 1/2-1/2

[Event "45th Olympiad 2024"]
[Site "Budapest HUN"]
[Date "2024.09.21"]
[Round "10.5"]
[Board "4"]
[White "Bok, Benjamin"]
[Black "Sebenik, Matej"]
[Result "0-1"]
[WhiteElo "2596"]
[BlackElo "2515"]
[PlyCount "100"]
[EventDate "2024.09.11"]
[WhiteTeam "Netherlands"]
[BlackTeam "Slovenia"]
[WhiteTeamCountry "NED"]
[BlackTeamCountry "SLO"]

1. e4 c5 2. Nf3 Nc6 3. Bb5 d6 4. O-O Bd7 5. Re1 Nf6 6. c3 a6 7. Bf1 Bg4 8. d4 cxd4 9. cxd4 e5 10. d5 Nd4 11. Be3 Nxf3+ 12. gxf3 Bd7 13. Nc3 Be7 14. Qb3 O-O 15. Qxb7 Nh5 16. Kh1 f5 $146 ({RR} 16... Bh4 17. Ne2 f5 18. Ng3 Rb8 19. Qa7 Rf7 20. Qxa6 f4 21. Nxh5 fxe3 22. Rxe3 Bxf2 23. Qe2 Bxe3 24. Qxe3 Qh4 25. Ng3 Rxb2 26. Be2 Bb5 27. a4 Bxe2 28. Nxe2 Qh3 29. Rc1 h6 {0-1 Stany,G (2407)-Venkatesh,M (2463) Bhubaneswar op 3rd 2011 (10)}) 17. Bh3 Rb8 18. Qxa6 f4 19. Bxd7 Qxd7 20. Bc1 Qh3 21. Qf1 Qh4 22. Qg2 Rf6 23. Rg1 Rg6 24. Qf1 Rh6 25. Rg2 Qh3 26. Qd3 Nf6 27. Ne2 Ng4 28. Nxf4 exf4 29. Bxf4 Ne5 30. Qc3 Rg6 31. Rg3 Qh5 32. Rxg6 Nxg6 33. Bg3 Rf8 34. a4 Rxf3 35. Qc8+ Rf8 36. Qe6+ Kh8 37. Kg1 Qf3 38. Ra3 Qe2 39. h4 Bxh4 40. Qxd6 Qe1+ 41. Kh2 Bxg3+ 42. Rxg3 Qxf2+ 43. Rg2 Qh4+ 44. Kg1 Qxe4 45. Rxg6 Qxg6+ 46. Qxg6 hxg6 47. a5 Rb8 48. d6 Rxb2 49. a6 Rb8 50. Kf2 Kg8 0-1

[Event "45th Olympiad 2024"]
[Site "Budapest HUN"]
[Date "2024.09.21"]
[Round "10.6"]
[Board "1"]
[White "Vachier-Lagrave, Maxime"]
[Black "Vitiugov, Nikita"]
[Result "1-0"]
[WhiteElo "2731"]
[BlackElo "2676"]
[PlyCount "111"]
[EventDate "2024.09.11"]
[WhiteTeam "France"]
[BlackTeam "England"]
[WhiteTeamCountry "FRA"]
[BlackTeamCountry "ENG"]

1. e4 d6 2. d4 Nf6 3. Nc3 e5 4. Nf3 Nbd7 5. Bc4 Be7 6. O-O O-O 7. a4 c6 8. Re1 a5 9. h3 exd4 10. Nxd4 Nc5 11. Bf4 Be6 12. Qe2 ({RR} 12. Bf1 Qb6 13. b3 Rad8 14. Bg3 d5 15. exd5 Nxd5 16. Nxe6 Nxe6 17. Nxd5 Rxd5 18. Qf3 Nd4 19. Qe4 Bf6 20. Rad1 g6 21. Bc4 Rdd8 22. Bf4 Kg7 23. Be3 c5 24. Bc1 Rd7 25. c3 Re7 26. Qb1 Rxe1+ {1-0 Karjakin,S (2752)-Bologan,V (2574) Titled Tuesday intern op 7th July blitz 2020 (9)}) ({RR} 12. Nxe6 fxe6 13. e5 Nfd7 14. exd6 Rxf4 15. dxe7 Qxe7 16. Qe2 Raf8 17. Bxe6+ Qxe6 18. Qxe6+ Nxe6 19. Rxe6 Rxf2 20. Re2 Rxe2 21. Nxe2 Nc5 22. b3 Rd8 23. Kf2 Na6 24. Ke3 Nb4 25. Rc1 Re8+ 26. Kd2 Rf8 {½-½ Batchuluun,T (2452)-Plat,V (2494) 1000GM Memorial Day 2024 (9.2)}) 12... Bxc4 13. Qxc4 g6 $146 ({RR} 13... Nfxe4 14. Nxe4 Nxe4 15. Nxc6 bxc6 16. Qxe4 Bf6 17. Qxc6 Rc8 18. Qxd6 Rxc2 19. Rad1 Qc8 20. Rc1 h6 21. Qd3 Rxc1 22. Rxc1 Qb7 23. Qb5 Qe4 24. Bd2 Bd4 25. b3 Rd8 26. Qxa5 Rd5 27. Qb4 Kh7 28. Be3 {1-0 Kupreichik,V (2453)-Belov,I (2443) Moscow Region Spring 2009 (10)}) 14. Nb3 Ne6 15. Bh2 Qb6 16. Rad1 Qb4 17. Qd3 Rad8 18. Nd5 cxd5 19. exd5 Nc5 20. Nxc5 dxc5 21. Rxe7 Rxd5 22. Qe2 Qxa4 23. Be5 Qe4 24. Re1 Qxe2 25. Rxe2 Nd7 26. Bf4 h5 27. Rd2 Rxd2 28. Bxd2 Rd8 29. Bxa5 b6 30. Bd2 Kf8 31. Re1 f6 32. Bf4 Ne5 33. Kf1 Kf7 34. Bxe5 fxe5 35. Rxe5 Rd2 36. Re2 Rd1+ 37. Re1 Rd2 38. Rc1 c4 39. Ke1 Rd5 40. b3 cxb3 41. cxb3 Rb5 42. Rc3 h4 43. Re3 Kf6 44. Kd2 Rf5 45. Ke2 Rc5 46. Re4 g5 47. Rc4 Re5+ 48. Kf3 Kf5 49. g4+ hxg3 50. fxg3 Rd5 51. g4+ Ke5 52. Ke3 Rb5 53. b4 Kd6 54. Kd3 Ke6 55. Rd4 Ke5 56. Kc3 1-0

[Event "45th Olympiad 2024"]
[Site "Budapest HUN"]
[Date "2024.09.21"]
[Round "10.6"]
[Board "2"]
[White "Adams, Michael"]
[Black "Bacrot, Etienne"]
[Result "1/2-1/2"]
[WhiteElo "2661"]
[BlackElo "2665"]
[PlyCount "134"]
[EventDate "2024.09.11"]
[WhiteTeam "England"]
[BlackTeam "France"]
[WhiteTeamCountry "ENG"]
[BlackTeamCountry "FRA"]

1. e4 c5 2. Nf3 e6 3. d4 cxd4 4. Nxd4 a6 5. Bd3 Bc5 6. Nb3 Ba7 7. O-O Nc6 8. Re1 ({RR} 8. Bf4 e5 9. Be3 Nge7 10. Bxa7 Rxa7 11. c4 d6 12. Qd2 O-O 13. Rd1 Be6 14. Bf1 b6 15. Nc3 Rd7 16. Nd5 Qb8 17. Qe3 Rb7 18. Rac1 Rd8 19. Rc3 Ng6 20. a3 h6 21. Rcc1 Nf8 22. Nb4 Nxb4 {½-½ Luther,T (2490)-Lau,R (2480) Bundesliga 9192 1991 [2]}) 8... d6 ({RR} 8... Nge7 9. Be3 Ng6 10. Nc3 b5 11. Bf1 O-O 12. a3 Qc7 13. g3 Nce5 14. Bg2 Bxe3 15. Rxe3 Nc4 16. Re1 Nxb2 17. Qd4 Nc4 18. a4 b4 19. Na2 d6 20. Nxb4 Bb7 21. a5 Rac8 22. Red1 Qb8 23. Ra4 {½-½ Sharma,I (2224)-Juhasz,B (2236) FSIM April 2024 (7.5)}) 9. Be3 Bxe3 $146 ({RR} 9... Nf6 10. c4 O-O 11. Nc3 e5 12. Bxa7 Rxa7 13. Qd2 Be6 14. Bf1 Qc7 15. Rac1 Ne7 16. Red1 Rd8 17. Qe3 Raa8 18. Nd2 Nd7 19. Qd3 Nc5 20. Qb1 Bg4 21. f3 Bh5 22. Kh1 Qb6 23. Nd5 Nxd5 24. cxd5 {1-0 Gusain,H (2208)-Jefic,S (2143) Wch U20 50th 2011 (8)}) 10. Rxe3 Nf6 11. Nc3 O-O 12. Qd2 b5 13. Rd1 Ra7 14. h3 Rd7 15. a4 b4 16. Na2 Qb6 17. Rg3 g6 18. Qg5 Kg7 19. a5 Qc7 20. Rf3 Qd8 21. Qd2 Nxa5 22. Qxb4 Nxb3 23. Qxb3 Qa5 24. Qc3 Qxc3 25. Nxc3 Rb7 26. b3 Rc7 27. Bc4 Bb7 28. Rxd6 Nxe4 29. Nxe4 Bxe4 30. Re3 Bd5 31. Bxd5 exd5 32. Rxa6 Rxc2 33. Rd6 Rc1+ 34. Kh2 Rc5 35. Rd7 h6 36. h4 Rb5 37. g3 g5 38. h5 g4 39. Kg2 Kf6 40. Rd6+ Kg7 41. Re7 Rxb3 42. Rg6+ Kh7 43. Rxg4 Rb6 44. Rf4 Kg7 45. Rd7 Rf6 46. Kf3 Ra8 47. Rxd5 Ra4 48. Rxf6 Kxf6 49. g4 Ra3+ 50. Kf4 Ra4+ 51. Kg3 Ra3+ 52. f3 Ra4 53. Rd6+ Kg7 54. Kf2 Ra3 55. Ke2 Ra2+ 56. Ke3 Ra4 57. Rd4 Ra3+ 58. Ke4 Rb3 59. f4 Rg3 60. Kf5 Rh3 61. Rd6 Rh1 62. g5 Rxh5 63. Rxh6 Rxh6 64. gxh6+ Kxh6 65. Kf6 Kh5 66. Kxf7 Kg4 67. Ke8 Kxf4 1/2-1/2

[Event "45th Olympiad 2024"]
[Site "Budapest HUN"]
[Date "2024.09.21"]
[Round "10.6"]
[Board "3"]
[White "Maurizzi, Marc'Andria"]
[Black "McShane, Luke J"]
[Result "0-1"]
[WhiteElo "2595"]
[BlackElo "2611"]
[PlyCount "226"]
[EventDate "2024.09.11"]
[WhiteTeam "France"]
[BlackTeam "England"]
[WhiteTeamCountry "FRA"]
[BlackTeamCountry "ENG"]

1. e4 e5 2. Nf3 Nc6 3. Bc4 Bc5 4. c3 Nf6 5. d3 O-O 6. Bg5 Be7 7. Nbd2 d6 ({RR} 7... Na5 8. Bb5 d6 9. Ba4 a6 10. Bh4 Nh5 11. Bg3 g6 12. b4 Nc6 13. Bb3 Kh8 14. h3 f5 15. Bh2 f4 16. Qe2 Bf6 17. Rg1 Qe7 18. a4 Be6 19. Bc2 d5 20. exd5 Bxd5 21. Ne4 Bg7 22. Nfd2 {0-1 Martinez Alcantara,J (2610)-Lazavik,D (2567) Chessable Masters Div 1 W 2024 (2.3)}) 8. a4 ({RR} 8. Bb3 h6 9. Bh4 Nh5 10. Bg3 Na5 11. Bc2 f5 12. exf5 Bxf5 13. d4 Bxc2 14. Qxc2 exd4 15. cxd4 Kh8 16. O-O Qd7 17. d5 c5 18. Rae1 Nxg3 19. hxg3 Rae8 20. Re6 Nc6 21. Qa4 Rd8 22. Qe4 Ne5 {1-0 Vachier Lagrave,M (2796)-So,W (2812) Paris GCT Blitz 2017 (11)}) ({RR} 8. Bb3 h6 9. Bh4 Nh5 10. Bxe7 Qxe7 11. Nc4 Be6 12. Ne3 Rae8 13. O-O Nf4 14. g3 Ng6 15. h4 Qd7 16. Nh2 Nge7 17. Qh5 f5 18. exf5 Bxb3 19. axb3 Nxf5 20. b4 a6 21. Rae1 Rf7 22. d4 Ref8 {0-1 Horvath,A (2459)-McShane,L (2647) Bundesliga 1718 2017 (11.2)}) 8... Ng4 9. Bxe7 Nxe7 $146 ({RR} 9... Qxe7 10. a5 Kh8 11. h3 Nf6 12. Nf1 Be6 13. Qb3 b6 14. Bxe6 fxe6 15. axb6 axb6 16. Rxa8 Rxa8 17. Ng3 Ra1+ 18. Ke2 Rxh1 19. Nxh1 Nh5 20. Kf1 Nd8 21. Qb5 g6 22. Kg1 Nf7 23. Kh2 Kg7 24. Ng3 {1-0 Tabatabaei,M (2694)-McShane,L (2626) 13th London Classic 2023 (2.2)}) 10. d4 Ng6 11. h3 Nf6 12. O-O a5 13. Re1 Qe7 14. Bf1 Bd7 15. Qc2 Rfe8 16. Rad1 h6 17. b3 Nh7 18. dxe5 dxe5 19. Nc4 Nf6 20. Ne3 Nf4 21. Bc4 Rad8 22. b4 axb4 23. cxb4 Qxb4 24. Qa2 Qe7 25. Qb3 b6 26. Qc2 c6 27. Bb3 b5 28. axb5 cxb5 29. Qc7 Rc8 30. Qb7 Rc3 31. Ba2 Nd3 32. Re2 Nc5 33. Qa7 Ncxe4 34. Nd5 Nxd5 35. Bxd5 Nf6 36. Rxe5 Qf8 37. Ba2 Bc6 38. Rxe8 Bxe8 39. Rd8 b4 40. Qb8 Qe7 41. Rc8 Rxc8 42. Qxc8 g6 43. Qb8 Kg7 44. Qb6 Qe2 45. Bb3 Qe4 46. Nd4 Qe1+ 47. Kh2 Ne4 48. Nc2 Qd2 49. Qxb4 Qf4+ 50. Kh1 Nxf2+ 51. Kg1 Ne4 52. Qd4+ Kh7 53. Qe3 Qxe3+ 54. Nxe3 Kg7 55. Bd5 Nd6 56. Kf2 Bd7 57. h4 Kf6 58. g3 Ke5 59. Bf3 f5 60. Ng2 Be6 61. Nf4 Bf7 62. Ke3 Nc4+ 63. Kf2 g5 64. hxg5 hxg5 65. Ne2 Bd5 66. Bxd5 Kxd5 67. Nc3+ Kd4 68. Ne2+ Kd3 69. Nc1+ Ke4 70. Ne2 Nd6 71. Nc3+ Kd3 72. Nd5 g4 73. Nf4+ Kd2 74. Ne6 Ne4+ 75. Kg2 Ke3 76. Ng7 Nd6 77. Ne6 Nc4 78. Kg1 Nd2 79. Kg2 Nf3 80. Nf4 Ne1+ 81. Kf1 Nf3 82. Ng2+ Kd2 83. Kf2 Ng5 84. Nh4 Ne4+ 85. Kg2 Nd6 86. Kf2 Kd3 87. Ng6 Ne4+ 88. Kg2 Ke3 89. Nf4 Nc3 90. Ng6 Ke2 91. Nh4 Nd5 92. Kh2 Ne3 93. Kg1 Ke1 94. Ng6 Kd2 95. Kf2 Nd1+ 96. Kf1 Ke3 97. Nh4 Ke4 98. Ke2 Nc3+ 99. Kf2 Nb5 100. Ng2 Kd3 101. Ne1+ Kd2 102. Nf3+ Kd3 103. Ne1+ Ke4 104. Ng2 Nd6 105. Ke2 Ke5 106. Ne3 Ne4 107. Nf1 Kd4 108. Ke1 Kd3 109. Kd1 Nd6 110. Ke1 Nc4 111. Kf2 Nd2 112. Nh2 Ne4+ 113. Kg2 Ke3 0-1

[Event "45th Olympiad 2024"]
[Site "Budapest HUN"]
[Date "2024.09.21"]
[Round "10.6"]
[Board "4"]
[White "Jones, Gawain C B"]
[Black "Fressinet, Laurent"]
[Result "0-1"]
[WhiteElo "2646"]
[BlackElo "2616"]
[PlyCount "130"]
[EventDate "2024.09.11"]
[WhiteTeam "England"]
[BlackTeam "France"]
[WhiteTeamCountry "ENG"]
[BlackTeamCountry "FRA"]

1. c4 e6 2. g3 d5 3. Bg2 Nf6 4. Nf3 d4 5. O-O c5 6. e3 Nc6 7. d3 Bd6 8. exd4 cxd4 9. Bg5 h6 10. Bxf6 Qxf6 11. Nbd2 Qe7 12. Re1 O-O 13. Nb3 Qf6 14. c5 Bc7 15. Rc1 ({RR} 15. a3 a5 16. Rc1 Rd8 17. Nbd2 Bd7 18. Nc4 Qe7 19. Nfd2 a4 20. Ne4 Na5 21. Ncd2 Bc6 22. f4 Qf8 23. Qh5 Rd5 24. Qe2 Rdd8 25. Rf1 f5 26. Nf2 Re8 27. Rfe1 e5 28. fxe5 Rxe5 29. Qh5 Rae8 {0-1 Caruana,F (2835)-Dominguez Perez,L (2758) Clutch-ch May rapid 2020 (1.9)}) 15... Rd8 16. Nbd2 Bd7 $146 ({RR} 16... Qe7 17. Qa4 a5 18. a3 Bd7 19. Nxd4 Nxd4 20. Qxd4 Bb5 21. Qc3 Rxd3 22. Qc2 Rad8 23. Ne4 R3d4 24. Qc3 Rd3 25. Qc2 R3d4 26. Qc3 Rd3 27. Qc2 R3d4 {½-½ Makkar,R (2455)-Czopor,M (2363) 4NCL 2023-24 (9.3)}) ({RR} 16... Qe7 17. a3 a5 18. Qa4 Bd7 19. Nxd4 Nxd4 20. Qxd4 Bb5 21. Qe4 Bxd3 22. Qe3 Ba6 23. Nc4 Qf6 24. b3 Rd4 25. Qf3 a4 26. Qxf6 gxf6 27. Nb2 axb3 28. Re3 Rc8 29. Rxb3 Bd6 30. Rbc3 Be7 31. Bf3 {½-½ Yang,S (2008)-Hou,Y (2132) 4th Binhai Cup 2024 (6.11)}) 17. Rc4 a5 18. a3 Be8 19. b4 axb4 20. axb4 b5 21. cxb6 Bxb6 22. b5 Na5 23. Rc1 Rab8 24. Re5 Qe7 25. Qc2 Nb7 26. Nh4 Nd6 27. Qb3 Rdc8 28. Rb1 Bd8 29. Qd1 Qc7 30. Qe2 Bxh4 31. gxh4 Rxb5 32. Rbxb5 Bxb5 33. Nf3 Qc1+ 34. Ne1 Qf4 35. h5 Rc1 36. Qb2 Bxd3 37. Qa3 Qd2 38. Bf1 Rxe1 39. Rxe1 Qxe1 40. Qxd3 Qe4 41. Qd1 Qf4 42. Bd3 e5 43. Qb1 Qg4+ 44. Kf1 e4 45. Bc2 d3 46. Bd1 Qf4 47. Qb8+ Kh7 48. Kg2 Qg5+ 49. Kf1 Qc1 50. Qb3 Nc4 51. Kg2 Qg5+ 52. Kh1 Ne5 53. Qd5 Qf4 54. h3 e3 55. fxe3 Qxe3 56. Bg4 Qf4 57. Qb3 f5 58. Bd1 Qf1+ 59. Kh2 Qf2+ 60. Kh1 Nf3 61. Bxf3 Qxf3+ 62. Kh2 Qe2+ 63. Kg3 d2 64. Qd5 Qe3+ 65. Kh4 Qf4# 0-1